ñ Tyd vir oorlog en 'n tyd om lief te hê / (Record no. 216063)

MARC details
000 -LEADER
fixed length control field 00552nam a2200181Ia 4500
003 - CONTROL NUMBER IDENTIFIER
control field 3228
005 - DATE AND TIME OF LATEST TRANSACTION
control field 20250722144143.0
008 - FIXED-LENGTH DATA ELEMENTS--GENERAL INFORMATION
fixed length control field 210817s9999 xx e 000 1 AFR d
020 ## - INTERNATIONAL STANDARD BOOK NUMBER
International Standard Book Number 0798132205
Qualifying information Paperback (pbk)
040 ## - CATALOGING SOURCE
Original cataloging agency RDA
Transcribing agency 3228
082 ## - DEWEY DECIMAL CLASSIFICATION NUMBER
Classification number AF HEND
100 ## - MAIN ENTRY--PERSONAL NAME
Personal name Hendriks, P.G
9 (RLIN) 6097
245 #0 - TITLE STATEMENT
Title ñ Tyd vir oorlog en 'n tyd om lief te hê /
Statement of responsibility, etc. P.G Hendriks; Tipografie: Vernon Joshua
250 ## - EDITION STATEMENT
Edition statement Eerste Uitgawe;
260 ## - PUBLICATION, DISTRIBUTION, ETC.
Place of publication, distribution, etc. Kaapstad Johannesburg
Name of publisher, distributor, etc. Human & Rousseau
Date of publication, distribution, etc. 1994
300 ## - PHYSICAL DESCRIPTION
Extent 255 Pages;
Other physical details Jacket;
Dimensions 21 cm.
942 ## - ADDED ENTRY ELEMENTS
item type Books
Source of classification or shelving scheme Dewey Decimal Classification
-- 245
-- Izakina Blanche
Holdings
Withdrawn status Lost status Source of classification or shelving scheme Damaged status Not for loan Collection code Home library Current library Shelving location Date acquired Full call number Barcode Date last seen Price effective from item type Public note
    Dewey Decimal Classification     Fiction Middelburg Regional Library Jeremiah Madonsela Public Library Fiction 18.08.2021 AF HEND 33228018116937 18.08.2021 18.08.2021 Books 94031230095